[Event "Niederbayernliga 1516"]
[Site "Bayern"]
[Date "2015.12.13"]
[Round "4.1"]
[White "Rohne, Niklas"]
[Black "Bernauer, Thomas"]
[Result "0-1"]
[WhiteElo "1652"]
[BlackElo "1972"]
[PlyCount "56"]
[EventDate "2015.10.11"]
[EventType "team-tourn"]
[EventRounds "9"]
[EventCountry "GER"]
[SourceTitle "EXT 2023"]
[Source "ChessBase"]
[SourceDate "2022.10.05"]
[SourceVersion "1"]
[SourceVersionDate "2022.10.05"]
[SourceQuality "1"]
[WhiteTeam "Landau Dingolfing II"]
[BlackTeam "Grafenau"]
[WhiteTeamCountry "GER"]
[BlackTeamCountry "GER"]

1. c4 e6 2. Nc3 d5 3. cxd5 exd5 4. d4 Nf6 5. Bf4 Bd6 6. Bxd6 Qxd6 7. e3 c6 8. Bd3 0-0 9. h3 Re8 10. Qc2 Nbd7 11. Nf3 Nf8 12. 0-0 Re7 13. a3 a5 14. Nd2 Be6 15. Rfe1 h6 16. Nf3 Rae8 17. Rac1 Bc8 18. Na4 Ne4 19. Nc5 f5 20. Ne5 Ng6 21. f4 Nh4 22. Nxe4 fxe4 23. Bf1 g5 24. fxg5 Rg7 25. g6 Rxe5 26. dxe5 Qxg6 27. Re2 Qg3 28. Kh1 Nf3 0-1